000
002350000a22000970004500
100
1
_a
Bonilla A., Plutarco
245
1
0
_a
La década de los congresos
300
_a
Vol 5, Núm 10 (1983), Páginas 5-8
773
0
_t
Pastoralia
942
_c
ANA
999
_c
53270
_d
53270